[Event "Skien-ch U20"]
[Site "Skien"]
[Date "2019.11.08"]
[Round "1"]
[White "Unhjem, Bjorn Robert Lovoll"]
[Black "Lindalen, Daniel"]
[Result "1-0"]
[WhiteElo "1942"]
[BlackElo "1472"]
[PlyCount "59"]
[EventDate "2019.11.08"]
[EventType "swiss"]
[EventRounds "7"]
[EventCountry "NOR"]
[SourceTitle "CBM 193 Extra"]
[Source "ChessBase"]
[SourceDate "2020.01.31"]
[SourceVersion "1"]
[SourceVersionDate "2020.01.31"]
[SourceQuality "1"]

1. Nf3 Nf6 2. g3 d5 3. Bg2 e6 4. d4 Be7 5. 0-0 0-0 6. c4 Nbd7 7. Nc3 b6 8. cxd5 Nxd5 9. e4 Nxc3 10. bxc3 Bb7 11. Qc2 c5 12. Bf4 cxd4 13. cxd4 Nf6 14. Rfe1 Qd7 15. Rad1 Rac8 16. Qd3 Rfd8 17. h4 Qa4 18. Bg5 Rc2 19. e5 Nd5 20. Bxe7 Nxe7 21. Ng5 Bxg2 22. Qxh7+ Kf8 23. Kxg2 Nf5 24. Qh5 Qc6+ 25. Kg1 Qb7 26. d5 g6 27. Qh8+ Ke7 28. Qf6+ Ke8 29. dxe6 Rxd1 30. exf7+ 1-0